000 006070000a22001810004500
003 MACL
005 20160409123038.0
008 160409b xxu||||| |||| 00| 0 eng d
040 _aMACL
_cMACL
041 _aHindi
082 _a610
100 _aगर्ग सी. एल
_950791
245 _aनशीले पदार्थ समस्‍या और समाधान
260 _aनई दिल्‍ली
_bसुन्‍दर साहित्‍य प्रकाशन
_c2011
350 _a175
650 _aमेडीकल साइंस
_951277
942 _cHIN
_k610
_2ddc
999 _c48322
_d48322